000 00337 a2200121 4500
001 ART_12817
005 20260410161909.0
008 260409a
245 1 0 _aTambos
100 1 _aCartier, Enrique Nicolás
700 1 _aCartier, Juan Enrique
773 0 _tCostos y gestión
_g- Año 14, Nº 54 (dic. 2004)
_wREV12786
999 _c26661
_d26661